000 00573nam a2200181Ia 4500
008 100920s9999 xx 000 0 und d
082 _b818
_a200 0
100 _aबेलसरे के. वि.
245 _aआध्यात्मदर्शन.
260 _bजोशी य.गो. ,पुणे.
_c1961
300 _a523
_bसाधी
365 _b10
520 _aधार्मिक.
630 _aआध्यात्मदर्शन.
650 _aधार्मिक.
730 _aआध्यात्मदर्शन.
942 _cBOOK
999 _c671743
_d671740